000 00477nam a2200169Ia 4500
005 20250508151328.0
008 008 250505s9999 xx 000 0 eng d
037 _aBooks to be hide in OPAC
040 _aFEDL
_beng
_cFEDL
041 _aeng
_2eng
084 _a312.954, CEN/O
_qFEDL
245 0 _aCensus of India : Paper no. 2, 1953: Religion- 1951 census.
260 _c1951
300 _a37p.
942 _cHB
_h312.954, CEN/O
999 _c1329077
_d1329077